[Event "Chigorin Memorial"]
[Site "St Petersburg RUS"]
[Date "2012.11.04"]
[Round "9.56"]
[White "Khakimov, Timur"]
[Black "Atabayev, Maksat"]
[Result "0-1"]
[WhiteTitle "IM"]
[BlackTitle "FM"]
[WhiteElo "2303"]
[BlackElo "2446"]
[WhiteFideId "4169115"]
[BlackFideId "14001101"]
[EventDate "2012.10.27"]

1. Nf3 c5 2. g3 Nc6 3. Bg2 g6 4. O-O Bg7 5. d3 d5 6. Nbd2 Nf6 7. e4 O-O 8. Re1
e5 9. exd5 Nxd5 10. Ne4 b6 11. Bg5 f6 12. Bd2 Be6 13. c3 Nde7 14. Qe2 h6 15. c4
Qd7 16. Rad1 Rad8 17. Bc3 Bg4 18. h3 Bxh3 19. Bxh3 Qxh3 20. Nh4 f5 21. Nd2 f4
22. Ne4 g5 23. Nf3 g4 24. Nh4 Nf5 25. Nxf5 Rxf5 26. Qf1 Qh5 27. f3 gxf3 28. Rd2
fxg3 29. Nxg3 Rg5 0-1

[Event "Chigorin Memorial"]
[Site "St Petersburg RUS"]
[Date "2012.11.04"]
[Round "9.57"]
[White "Faizrakhmanov, Ramil"]
[Black "Socko, Monika"]
[Result "1/2-1/2"]
[BlackTitle "GM"]
[WhiteElo "2283"]
[BlackElo "2445"]
[WhiteFideId "24103209"]
[BlackFideId "1106619"]
[EventDate "2012.10.27"]

1. d4 Nf6 2. c4 e6 3. Nf3 d5 4. Nc3 Bb4 5. e3 O-O 6. Bd3 c5 7. O-O Nbd7 8. Qe2
b6 9. Bd2 Bb7 10. cxd5 exd5 11. a3 Bxc3 12. Bxc3 c4 13. Bc2 a5 14. a4 Nb8 15.
Rfe1 Nc6 16. b3 cxb3 17. Bxb3 Ne4 18. Rec1 Qd6 19. Be1 Rfd8 20. Qb2 Nb4 21. Ne5
Rac8 22. f3 Ng5 23. Bd1 Ba6 24. Bxb4 axb4 25. Rxc8 Rxc8 26. Rc1 Qe6 27. h4 f6
28. Rxc8+ Qxc8 29. Ng4 Ne6 30. Qxb4 Qc1 31. Qb3 h5 32. Nf2 Bc4 33. Qxb6 Qxe3 34.
Qb8+ Nf8 35. Qb2 Ne6 36. Qb8+ Kf7 37. Qb7+ Kg6 38. Bc2+ Kh6 39. Qc8 Qc1+ 40. Bd1
Nf4 41. Qh8+ Kg6 42. Qe8+ Kh6 43. Qh8+ Kg6 44. Qe8+ Kh6 45. Qh8+ 1/2-1/2

[Event "Chigorin Memorial"]
[Site "St Petersburg RUS"]
[Date "2012.11.04"]
[Round "9.59"]
[White "Cheremnova, Tamara"]
[Black "Airapetian, Gor"]
[Result "0-1"]
[WhiteTitle "WFM"]
[BlackTitle "IM"]
[WhiteElo "2235"]
[BlackElo "2435"]
[WhiteFideId "4175026"]
[BlackFideId "4177916"]
[EventDate "2012.10.27"]

1. d4 e6 2. c4 Nf6 3. Nf3 b6 4. g3 Ba6 5. b3 Bb4+ 6. Bd2 Be7 7. Bg2 c6 8. Bc3 d5
9. Nbd2 Nbd7 10. O-O O-O 11. Re1 Qc7 12. Rc1 Rac8 13. Bb2 Qb8 14. e4 Rfd8 15. e5
Ne8 16. cxd5 cxd5 17. Rxc8 Rxc8 18. Qb1 Qb7 19. Rc1 Nb8 20. Rxc8 Qxc8 21. Qc1
Qxc1+ 22. Bxc1 Nc6 23. Bf1 Bxf1 24. Kxf1 f6 25. Bb2 Kf7 26. Ke2 Nc7 27. h3 b5
28. a3 Na8 29. Nb1 Nb6 30. Nc3 a6 31. Kd3 Bd8 32. g4 Bc7 33. exf6 gxf6 34. a4
bxa4 35. Nxa4 Nxa4 36. bxa4 Kg6 37. Nh4+ Kf7 38. Ng2 Bd6 39. Ne3 Ne7 40. Ng2 Nc8
41. Kc2 Nb6 42. Kb3 Nc4 43. Bc3 Kg6 44. Kc2 h5 45. Bd2 hxg4 46. hxg4 e5 47. dxe5
fxe5 48. Nh4+ Kf7 49. Nf5 Bc5 50. f3 Nxd2 51. Kxd2 Kf6 52. Kd3 Kg5 53. Ng7 Bb6
54. Ne8 Kf4 55. Ke2 e4 56. fxe4 dxe4 57. Nf6 Bd8 58. Nd7 a5 59. Nc5 Be7 60. Nd7
Bb4 61. Nb8 Bc5 62. Nd7 Be7 63. Nb6 Kxg4 64. Nd5 Bc5 65. Nc7 Kf5 66. Nd5 Ke5 67.
Nc7 Kd6 68. Ne8+ Kd5 69. Nf6+ Kd4 70. Kd2 Be7 71. Nd7 Kd5 72. Ke2 Kd6 73. Nb6
Kc5 74. Nd7+ Kb4 75. Nb6 Bc5 76. Nd5+ Kxa4 77. Nc3+ Kb3 78. Nxe4 Bb4 79. Kd1 a4
80. Nf2 a3 81. Nd3 Bc3 82. Nc1+ Kb2 83. Nd3+ Kb1 84. Nc1 Bd4 85. Nb3 a2 86. Nd2+
Kb2 87. Nc4+ Kc3 0-1

[Event "Chigorin Memorial"]
[Site "St Petersburg RUS"]
[Date "2012.11.04"]
[Round "9.60"]
[White "Nunez Lucero, Francisco"]
[Black "Sipila, Vilka"]
[Result "0-1"]
[BlackTitle "FM"]
[WhiteElo "2186"]
[BlackElo "2430"]
[WhiteFideId "2214369"]
[BlackFideId "505455"]
[EventDate "2012.10.27"]

1. e4 e5 2. Nf3 Nf6 3. d4 Nxe4 4. Bd3 d5 5. Nxe5 Nd7 6. Qe2 Nxe5 7. Bxe4 dxe4 8.
Qxe4 Bd6 9. dxe5 O-O 10. O-O Re8 11. f4 f6 12. Qd5+ Be6 13. Qd4 fxe5 14. fxe5
Bxe5 15. Qxd8 Raxd8 16. Na3 Bd4+ 17. Kh1 Bd5 18. c4 Bc6 19. Nc2 Re2 20. Ne1 Bxb2
21. Bxb2 Rxb2 22. Nf3 Bxf3 23. Rxf3 Rxa2 24. Re1 Rad2 25. Kg1 Rd1 26. Kf1 Rxe1+
27. Kxe1 a5 28. Rf5 b6 29. c5 g6 30. Rf6 b5 31. Rc6 a4 32. Rxc7 Ra8 33. Rd7 a3
34. Rd1 a2 35. Ra1 Kf7 36. Kd2 Ke6 37. Kc3 Kd5 38. Kb4 Kc6 0-1

[Event "Chigorin Memorial"]
[Site "St Petersburg RUS"]
[Date "2012.11.04"]
[Round "9.61"]
[White "Bodnaruk, Anastasia"]
[Black "Andrenko, Irina"]
[Result "1-0"]
[WhiteTitle "IM"]
[BlackTitle "WIM"]
[WhiteElo "2425"]
[BlackElo "2227"]
[WhiteFideId "4181751"]
[BlackFideId "14118270"]
[EventDate "2012.10.27"]

1. e4 c5 2. Nf3 d6 3. d4 cxd4 4. Nxd4 Nf6 5. Nc3 g6 6. Be3 a6 7. f3 b5 8. Qd2
Bb7 9. O-O-O h5 10. Kb1 Nbd7 11. Bd3 Bg7 12. a3 Rc8 13. Nb3 Ne5 14. Qf2 Nfd7 15.
Bd4 O-O 16. h3 Nxd3 17. cxd3 Bxd4 18. Qxd4 Nc5 19. Nc1 e5 20. Qe3 Ne6 21. N1e2
Kg7 22. Rhf1 Qa5 23. f4 exf4 24. Nxf4 Nxf4 25. Qd4+ f6 26. Rxf4 Qc7 27. Qf2 Qc5
28. d4 Qc4 29. d5 Rc7 30. e5 Qc5 31. exf6+ Kh7 32. Qe2 Bc8 33. Ne4 Qb6 34. Ng5+
Kh6 35. Ne6 Bxe6 36. dxe6 g5 37. e7 Rfc8 38. f7 1-0

[Event "Chigorin Memorial"]
[Site "St Petersburg RUS"]
[Date "2012.11.04"]
[Round "9.62"]
[White "Arslanov, Shamil"]
[Black "Klyuev, Alexander S."]
[Result "1-0"]
[WhiteTitle "IM"]
[WhiteElo "2421"]
[BlackElo "2218"]
[WhiteFideId "4192826"]
[BlackFideId "4194250"]
[EventDate "2012.10.27"]

1. e4 c5 2. c3 g6 3. d4 cxd4 4. cxd4 d5 5. exd5 Nf6 6. Nc3 Nxd5 7. Bc4 Nf6 8.
Qb3 e6 9. d5 Nxd5 10. Nxd5 exd5 11. Bxd5 Qe7+ 12. Kf1 Na6 13. Qb5+ Bd7 14. Qxb7
Rb8 15. Qxa6 Bb5+ 16. Qxb5+ Rxb5 17. Bc6+ Kd8 18. Bxb5 Qe5 19. a4 Bc5 20. Nf3
Qf5 21. Bg5+ f6 22. Bd2 Ke7 23. b4 Bd6 24. Re1+ Kf7 25. Bc4+ Kg7 26. Nd4 Qg4 27.
Ne6+ Kf7 28. Bb3 Rc8 29. Re4 Qxe4 30. Ng5+ Kg7 31. Nxe4 1-0

[Event "Chigorin Memorial"]
[Site "St Petersburg RUS"]
[Date "2012.11.04"]
[Round "9.63"]
[White "Atabayev, Yusup"]
[Black "Kuratov, Vasily"]
[Result "1-0"]
[WhiteTitle "FM"]
[WhiteElo "2407"]
[BlackElo "2225"]
[WhiteFideId "14001128"]
[BlackFideId "34114600"]
[EventDate "2012.10.27"]

1. e4 c5 2. Nf3 d6 3. d4 cxd4 4. Nxd4 Nf6 5. Nc3 Nc6 6. Bg5 e6 7. Qd2 a6 8.
O-O-O Bd7 9. f3 b5 10. Nxc6 Bxc6 11. h4 Qc7 12. Kb1 Be7 13. g4 O-O 14. Bd3 Rfe8
15. h5 b4 16. Ne2 d5 17. e5 Nd7 18. Bxe7 Rxe7 19. f4 a5 20. Nd4 Ree8 21. g5 a4
22. g6 fxg6 23. hxg6 Nf8 24. gxh7+ Kh8 25. Qxb4 a3 26. b3 Bb7 27. Nb5 Qb6 28.
Nd6 1-0

[Event "Chigorin Memorial"]
[Site "St Petersburg RUS"]
[Date "2012.11.04"]
[Round "9.64"]
[White "Nezad, Husein Aziz"]
[Black "Kozhabekov, Adilkhan"]
[Result "1-0"]
[WhiteTitle "IM"]
[WhiteElo "2396"]
[BlackElo "2127"]
[WhiteFideId "12100293"]
[BlackFideId "13702858"]
[EventDate "2012.10.27"]

1. d4 Nf6 2. c4 e6 3. Nf3 b6 4. g3 Bb7 5. Bg2 Be7 6. O-O O-O 7. Nc3 Ne4 8. Bd2
f5 9. Qc2 Nxc3 10. Bxc3 d6 11. Rad1 Nd7 12. Ng5 Bxg2 13. Nxe6 Be4 14. Qd2 Qc8
15. d5 f4 16. Qd4 Bf6 17. Qxe4 Nc5 18. Nxc5 bxc5 19. Rd3 Bg5 20. Qg2 Qd7 21.
gxf4 Bxf4 22. e3 Bh6 23. b3 Rae8 24. e4 Bf4 25. Kh1 Qe7 26. Rg1 g6 27. f3 Rf7
28. Qh3 Be5 29. Bd2 Bd4 30. Rg4 Bf6 31. Qg2 Bg7 32. Bc1 Qe5 33. Rd1 Ree7 34. Re1
Qc3 35. Rf1 Qd3 36. h4 Bf6 37. Bf4 Be5 38. Bg5 Bf6 39. Bf4 Be5 40. Bc1 Bg7 41.
Rf4 Re5 42. Rg4 Kf8 43. Bf4 Rh5 44. Bg3 Bf6 45. f4 Re7 46. e5 Bg7 47. Rg5 Rxg5
48. fxg5+ Rf7 49. Rxf7+ Kxf7 50. exd6 cxd6 51. Bxd6 Bd4 52. Bg3 Qb1+ 53. Kh2 Qf5
54. Qe2 Kf8 55. d6 Qb1 56. d7 Qg1+ 57. Kh3 Qh1+ 58. Kg4 h5+ 59. gxh6 Bf6 60.
Qe8# 1-0

[Event "Chigorin Memorial"]
[Site "St Petersburg RUS"]
[Date "2012.11.04"]
[Round "9.65"]
[White "Yakimenko, Alexander A."]
[Black "Annageldyev, Orazly"]
[Result "0-1"]
[BlackTitle "GM"]
[WhiteElo "2220"]
[BlackElo "2394"]
[WhiteFideId "24141917"]
[BlackFideId "14000016"]
[EventDate "2012.10.27"]

1. d4 Nf6 2. c4 c5 3. d5 e6 4. Nc3 exd5 5. cxd5 d6 6. g3 g6 7. Bg2 Bg7 8. Nf3
O-O 9. O-O Re8 10. Nd2 a6 11. a4 Nbd7 12. h3 Rb8 13. a5 b5 14. axb6 Nxb6 15. Kh2
c4 16. Re1 Qc7 17. Nf1 Nfd7 18. Bf4 Nc5 19. Ne3 h6 20. h4 Qe7 21. Nc2 Nbd7 22.
Nd4 Rxb2 23. Na4 Nxa4 24. Rxa4 Qf6 25. Nc6 c3 26. Bc1 Nc5 27. Rc4 Ra2 28. Be3
Qf5 29. Nd4 Qg4 30. Rxc3 Ne4 31. Rxc8 Qxc8 32. Bxe4 Rxe4 33. Qb1 Rxe3 34. Qxa2
Re8 35. Nc6 Qf5 36. Kg1 Bf6 37. e3 Re4 38. Rb1 Kg7 39. Rb4 Rxb4 40. Nxb4 Bxh4
41. Nxa6 Bd8 42. Qc4 h5 43. Nb4 g5 44. Nc2 Bf6 45. e4 Qf3 46. Ne1 Qd1 47. Kf1
Qa1 48. Ke2 h4 49. gxh4 gxh4 50. Qd3 Kf8 51. Qf3 Ke7 52. Ng2 Qa6+ 53. Ke1 Qa1+
54. Ke2 Qb2+ 55. Kf1 Qc1+ 56. Ke2 Qc4+ 57. Kd2 Qa2+ 58. Ke1 Qb1+ 59. Ke2 Qc2+
60. Kf1 Qc4+ 61. Kg1 Qc1+ 62. Kh2 Be5+ 63. Kh3 Qh1+ 64. Kg4 f5+ 65. exf5 Bf6 66.
Nf4 Qg1+ 67. Qg2 Qd1+ 68. f3 Qd4 69. Qe2+ Kd8 70. Qe1 h3 71. Qe6 Be5 72. Qg8+
Kc7 73. Qh7+ Kb6 74. Qxh3 Bxf4 75. Qf1 Be3+ 76. Kh5 Qh8+ 77. Kg6 Qg8+ 78. Kf6
Bg5# 0-1

[Event "Chigorin Memorial"]
[Site "St Petersburg RUS"]
[Date "2012.11.04"]
[Round "9.68"]
[White "Yandarbiev, Ruslan"]
[Black "Nikitinyh, Boris"]
[Result "0-1"]
[WhiteTitle "IM"]
[WhiteElo "2356"]
[BlackElo "2142"]
[WhiteFideId "4115023"]
[BlackFideId "4198328"]
[EventDate "2012.10.27"]

1. d4 Nf6 2. c4 d6 3. Nf3 g6 4. g3 Bg7 5. Bg2 O-O 6. O-O Re8 7. Nc3 Nc6 8. h3 e5
9. d5 Na5 10. Nd2 c5 11. Qc2 Bd7 12. Rb1 a6 13. b3 b5 14. Bb2 Rb8 15. e4 h5 16.
Ne2 Nh7 17. f4 bxc4 18. bxc4 Rxb2 19. Qxb2 exf4 20. Qb6 fxg3 21. Qxd8 Rxd8 22.
Rb6 Bh6 23. Nf4 Bg7 24. Rf3 h4 25. Rxa6 g5 26. Rxa5 gxf4 27. Rfa3 Bd4+ 28. Kh1
Ng5 29. Ra8 Rxa8 30. Rxa8+ Kg7 31. Ra7 Bc8 32. Ra8 Bxh3 33. Bxh3 Nxh3 34. Nf3
Bf6 35. Kg2 Nf2 36. Ng1 Nxe4 37. Nf3 Nf2 38. Ng1 Ng4 39. Kf3 Nf2 40. Kxf4 Be5+
41. Kf3 h3 42. Nxh3 Nxh3 43. Re8 Ng5+ 44. Kg2 f5 45. a4 f4 46. Rxe5 dxe5 47. a5
Ne4 48. a6 f3+ 49. Kxf3 Nd2+ 50. Kxg3 Nxc4 51. Kf3 Nb6 52. Ke4 Kf6 53. a7 c4 54.
Ke3 Nxd5+ 55. Kd2 Nc7 56. Kc3 Nb5+ 0-1

[Event "Chigorin Memorial"]
[Site "St Petersburg RUS"]
[Date "2012.11.04"]
[Round "9.69"]
[White "Dimukhametov, Artur"]
[Black "Nazaretyan, Tigran"]
[Result "1-0"]
[WhiteTitle "FM"]
[WhiteElo "2347"]
[BlackElo "2121"]
[WhiteFideId "4195680"]
[BlackFideId "24162345"]
[EventDate "2012.10.27"]

1. d4 d5 2. c4 c6 3. Nc3 e5 4. dxe5 d4 5. Ne4 Qa5+ 6. Bd2 Qxe5 7. Ng3 Nf6 8. Nf3
Qd6 9. Qc2 c5 10. O-O-O Be7 11. e3 dxe3 12. Bxe3 Qc7 13. Nf5 O-O 14. Nxe7+ Qxe7
15. Bf4 Qe4 16. Bd6 Qxc2+ 17. Kxc2 Bf5+ 18. Kc1 Rc8 19. Bxc5 b5 20. b3 Nbd7 21.
Bd4 bxc4 22. Bxc4 Nb6 23. Bxb6 axb6 24. Kb2 Ra5 25. Nd4 Bd7 26. a3 Rca8 27. a4
Ne4 28. Nc2 Bc6 29. Nb4 Bxa4 30. Bd5 Bxb3 31. Bxe4 Bxd1 32. Bxa8 Bg4 33. Bd5 Rb5
34. Re1 g6 35. Kb3 Kf8 36. f3 Bd7 37. Rc1 Ke7 38. Rc7 Rc5 39. Rxc5 bxc5 40. Nd3
Bc8 41. Nxc5 h5 42. Kc4 g5 43. g3 Bh3 44. Kd4 Kf6 45. Ne4+ Kg6 46. Bxf7+ 1-0

[Event "Chigorin Memorial"]
[Site "St Petersburg RUS"]
[Date "2012.11.04"]
[Round "9.70"]
[White "Bivol, Alina"]
[Black "Dmitriev, Igor"]
[Result "1/2-1/2"]
[WhiteTitle "WFM"]
[BlackTitle "IM"]
[WhiteElo "2137"]
[BlackElo "2340"]
[WhiteFideId "4100123"]
[BlackFideId "4114833"]
[EventDate "2012.10.27"]

1. e4 g6 2. d4 Bg7 3. Nc3 c6 4. Be2 d6 5. h4 Qb6 6. Nf3 Bg4 7. Ng1 Bxe2 8. Ngxe2
Nf6 9. Rb1 e5 10. O-O Nbd7 11. dxe5 dxe5 12. Qd6 Ng4 13. Na4 Qa5 14. b3 Bf8 15.
Qd3 b5 16. Nac3 Rd8 17. Qf3 Ndf6 18. a4 a6 19. axb5 axb5 20. Qg3 Qc7 21. Kh1 Bc5
22. b4 Bb6 23. f4 Qd7 24. f5 gxf5 25. exf5 h6 26. Qf3 O-O 27. Ne4 Kh7 28. N2g3
Rg8 29. Nxf6+ Nxf6 30. Nh5 Qd6 31. Rb3 e4 32. Nxf6+ Qxf6 33. Qh5 e3 34. Bxe3
Bxe3 35. Rxe3 Rd2 36. g3 Rxc2 37. Qf3 Rc4 38. Kh2 Qb2+ 39. Re2 Qxb4 40. f6 Qd6
41. Kh3 Qd7+ 42. Kh2 Qg4 43. Qxg4 Rcxg4 44. Rf3 Rc4 45. Re7 Rf8 46. h5 Kg8 47.
Rc7 b4 48. Rd3 Rc5 49. g4 Rc2+ 50. Kg3 c5 51. Rd5 b3 52. Rcxc5 Rxc5 53. Rxc5 Rb8
54. Rc1 b2 55. Rb1 Rb6 56. Kh3 Kf8 57. Kg2 Rb3 58. Kf2 Ke8 59. g5 hxg5 60. h6
Rh3 61. Rxb2 Rxh6 62. Rb6 Kd7 63. Kg3 Rh4 64. Ra6 Rd4 65. Ra5 Rd6 66. Rxg5 Rxf6
67. Ra5 Ke7 68. Kg4 Rf1 69. Rb5 Kf6 70. Ra5 Kg7 71. Rg5+ Kf8 72. Ra5 Rf6 73. Kg5
Kg7 74. Kg4 1/2-1/2

[Event "Chigorin Memorial"]
[Site "St Petersburg RUS"]
[Date "2012.11.04"]
[Round "9.71"]
[White "Pyatin, Alexander"]
[Black "Sichinava, Zviad"]
[Result "1-0"]
[WhiteElo "2091"]
[BlackElo "2339"]
[WhiteFideId "24125920"]
[BlackFideId "24111716"]
[EventDate "2012.10.27"]

1. e4 e6 2. d4 d5 3. Nc3 Bb4 4. Ne2 dxe4 5. a3 Bxc3+ 6. Nxc3 f5 7. f3 exf3 8.
Qxf3 Nf6 9. Bf4 O-O 10. O-O-O Nc6 11. Bc4 Ne7 12. Bg5 c6 13. h3 Ned5 14. g4 Kh8
15. gxf5 Nxc3 16. Qxc3 exf5 17. Rhg1 Qd6 18. Qe3 Nd5 19. Bxd5 Qxd5 20. Be7 Rg8
21. Bf6 Be6 22. Qh6 Qd7 23. Rxg7 Rxg7 24. Rg1 Rg8 25. Rg5 Qf7 26. Rh5 Qxh5 27.
Qxh5 Rf8 28. Qh6 Rxf6 29. Qxf6 Bd5 30. h4 Kg8 31. h5 Rf7 32. Qd8+ Kg7 33. Qg5+
Kf8 34. h6 Ke8 35. Qg8+ Ke7 36. Qb8 Ke6 37. b3 b5 38. Qf4 Kf6 39. Kd2 Kg6 40.
Kd3 Be4+ 41. Kd2 Bd5 42. a4 a6 43. a5 Rf6 44. Kc3 Re6 45. Kb4 Re4 46. Qf2 Rg4
47. c4 bxc4 48. bxc4 Be4 49. Kc5 f4 50. Kb6 f3 51. Qe3 Kh5 52. Kxa6 Rg2 53. Kb7
Rb2+ 54. Kc7 f2 55. Qh3+ Kg5 56. a6 Ra2 57. Kb7 Rb2+ 58. Kc7 Ra2 59. Kb6 Ra1 60.
a7 Rb1+ 61. Ka5 Ra1+ 62. Kb6 Bf5 63. Qg2+ Kf6 64. Qg3 Ke7 65. Qe5+ 1-0

[Event "Chigorin Memorial"]
[Site "St Petersburg RUS"]
[Date "2012.11.04"]
[Round "9.72"]
[White "Zhilchikov, Nikolai"]
[Black "Tsydypov, Zhamsaran"]
[Result "1/2-1/2"]
[BlackTitle "FM"]
[WhiteElo "2077"]
[BlackElo "2338"]
[WhiteFideId "4137264"]
[BlackFideId "4108566"]
[EventDate "2012.10.27"]

1. d4 Nf6 2. Nf3 c5 3. e3 cxd4 4. exd4 g6 5. Bd3 Bg7 6. O-O O-O 7. Re1 Nc6 8. c3
d6 9. Bf4 Qb6 10. b3 e5 11. dxe5 Ng4 12. Qc2 dxe5 13. Bg3 f5 14. h3 e4 15. Bc4+
Kh8 16. hxg4 exf3 17. Bd6 Rd8 18. gxf3 fxg4 19. Qe4 Bf5 20. Qf4 Nd4 21. fxg4
Rxd6 22. gxf5 Nxf5 23. Nd2 Rf8 24. Ne4 g5 25. Nxg5 Nh6 26. Qg3 Nf5 27. Qh3 Rh6
28. Re8 Qf6 29. Qxf5 Qxf5 30. Nf7+ Qxf7 31. Bxf7 Rxe8 32. Bxe8 Re6 33. Bb5 Bxc3
34. Rd1 Re1+ 35. Rxe1 Bxe1 36. Kg2 Kg7 37. f3 Kf6 38. Bd3 Ke5 39. Bxh7 Bd2 40.
Bg8 Kf4 1/2-1/2

[Event "Chigorin Memorial"]
[Site "St Petersburg RUS"]
[Date "2012.11.04"]
[Round "9.73"]
[White "Pasiev, Rakhim"]
[Black "Androsov, Sergey"]
[Result "1-0"]
[WhiteTitle "FM"]
[WhiteElo "2334"]
[BlackElo "2081"]
[WhiteFideId "24122475"]
[BlackFideId "4102681"]
[EventDate "2012.10.27"]

1. d4 d5 2. Nc3 Nf6 3. Bg5 e6 4. e4 dxe4 5. Nxe4 Be7 6. Bxf6 Bxf6 7. Nf3 Qe7 8.
Qd2 b6 9. Bd3 Bb7 10. O-O-O Nd7 11. Qe2 O-O-O 12. Ba6 Nb8 13. Bxb7+ Kxb7 14.
Rhe1 a6 15. g4 h6 16. Nxf6 gxf6 17. Qe4+ Ka7 18. d5 Rhe8 19. Nd4 Rxd5 20. Qxd5
exd5 21. Rxe7 Rxe7 22. Nf5 Re2 23. Nxh6 Rxf2 24. h4 Rh2 25. h5 c6 26. Re1 Kb7
27. Re7+ Kc8 28. Nxf7 Nd7 29. h6 Ne5 30. Nxe5 fxe5 31. h7 1-0

[Event "Chigorin Memorial"]
[Site "St Petersburg RUS"]
[Date "2012.11.04"]
[Round "9.75"]
[White "Spielmann, Alain"]
[Black "Tseitlin, Mark D"]
[Result "0-1"]
[WhiteTitle "FM"]
[BlackTitle "GM"]
[WhiteElo "2235"]
[BlackElo "2390"]
[WhiteFideId "602272"]
[BlackFideId "2800128"]
[EventDate "2012.10.27"]

1. c4 g6 2. g3 Bg7 3. Bg2 c5 4. Nc3 Nc6 5. Nf3 e5 6. a3 a5 7. O-O Nge7 8. Ne1 d6
9. Nc2 O-O 10. d3 Nd4 11. Ne3 Rb8 12. Ned5 Nxd5 13. cxd5 b5 14. e3 Nf5 15. a4 b4
16. Ne4 Ba6 17. Qb3 h5 18. Nd2 h4 19. Nc4 hxg3 20. hxg3 Bf6 21. Bd2 Kg7 22. Bf3
Bh4 23. e4 Nd4 24. Qd1 Bg5 25. Be3 Bxe3 26. fxe3 Nxf3+ 27. Qxf3 Bxc4 28. dxc4 b3
29. Rac1 Rb6 30. Rc3 Qg5 31. Kg2 f5 32. exf5 Rxf5 33. Qe2 Rxf1 34. Qxf1 e4 35.
Qd1 Qf5 36. Kg1 Qh3 37. Qe1 Rb8 38. Qf2 Rf8 39. Qg2 Qg4 40. Rc1 Rf3 0-1

[Event "Chigorin Memorial"]
[Site "St Petersburg RUS"]
[Date "2012.11.04"]
[Round "9.76"]
[White "Afanasiev, Nikita"]
[Black "Zavoronkov, Vladimir"]
[Result "0-1"]
[BlackTitle "IM"]
[WhiteElo "2224"]
[BlackElo "2378"]
[WhiteFideId "24183555"]
[BlackFideId "4500342"]
[EventDate "2012.10.27"]

1. c4 c5 2. Nf3 Nc6 3. Nc3 e5 4. g3 g6 5. Bg2 Bg7 6. d3 d6 7. Bd2 Nge7 8. a3 O-O
9. Rb1 h6 10. b4 Be6 11. bxc5 dxc5 12. Rxb7 Qc8 13. Rb5 Bh3 14. O-O Bxg2 15.
Kxg2 Nd4 16. Nxd4 cxd4 17. Na4 e4 18. Bb4 Re8 19. Bxe7 Rxe7 20. Qb3 Qg4 21. Re1
exd3 22. Qxd3 Rae8 23. Rb2 Re5 24. Qf3 Qe6 25. Rd2 Qxc4 26. Nb2 Qc3 27. Red1 Ra5
28. a4 Rb8 29. Nd3 Rxa4 30. Qf4 Qc6+ 31. Kg1 Re8 32. Rc1 Rc4 33. Ra1 a5 34. h4
a4 35. Kh2 Rc3 36. h5 a3 37. Rda2 Ra8 38. hxg6 fxg6 39. Qg4 Kh7 40. Rb1 Ra5 41.
Nf4 Qe4 42. Rb7 Qxb7 43. Qxg6+ Kg8 44. Qe8+ Bf8 45. Rd2 Qf7 46. Qd8 Ra7 47. Rxd4
Rc5 48. Rd6 Rf5 0-1

[Event "Chigorin Memorial"]
[Site "St Petersburg RUS"]
[Date "2012.11.04"]
[Round "9.77"]
[White "Karasev, Vladimir I"]
[Black "Drachev, Oleg"]
[Result "1-0"]
[WhiteTitle "IM"]
[WhiteElo "2373"]
[BlackElo "2220"]
[WhiteFideId "4103971"]
[BlackFideId "24193933"]
[EventDate "2012.10.27"]

1. Nf3 f5 2. g3 b6 3. Bg2 Bb7 4. O-O Nf6 5. d3 e6 6. e4 fxe4 7. Ng5 Be7 8. Nc3
O-O 9. dxe4 Ne8 10. h4 a5 11. f4 Na6 12. Kh2 Nc5 13. Be3 Rb8 14. Bd4 h6 15. Qh5
Nf6 16. Bxf6 Bxf6 17. e5 Bxg2 18. exf6 Qxf6 19. Kxg2 hxg5 20. hxg5 g6 21. Qe2
Qe7 22. Nd5 Qd6 23. Nf6+ Kf7 24. Rad1 Qc6+ 25. Rf3 Rbd8 26. Ng4 d6 27. Re1 Ke7
28. Qc4 b5 29. Rxe6+ Kd7 30. Ne5+ dxe5 31. Rxc6 bxc4 32. Rxc5 exf4 33. gxf4 Rb8
34. b3 cxb3 35. axb3 a4 36. bxa4 Rb4 37. c4 Rxa4 38. Rd3+ Ke8 39. Kf3 Ra1 40.
Re5+ Kf7 41. Kg4 Kg8 42. Re6 Rg1+ 43. Rg3 Rf1 44. Rxg6+ Kh7 45. Rf6 Rxf6 46.
gxf6 Kg6 47. Rd3 Rg1+ 48. Kf3 Rc1 49. f7 Kg7 50. Rd8 Kxf7 51. Rd7+ Ke6 52. Rxc7
Rf1+ 53. Ke4 Re1+ 54. Kd4 Rd1+ 55. Kc5 Rf1 56. Kc6 Rxf4 57. c5 Rb4 58. Rh7 Rc4
59. Kb5 Rc1 60. c6 Rb1+ 61. Kc5 Rc1+ 62. Kb6 Rb1+ 63. Kc7 Rc1 64. Kb7 Rb1+ 65.
Kc7 Rc1 66. Kb7 Rb1+ 67. Kc8 Kd6 68. Rh6+ Kc5 69. Kc7 Ra1 70. Rh5+ Kc4 71. Kd7
Rd1+ 72. Ke6 Kb4 73. c7 Re1+ 74. Kd6 Rd1+ 75. Rd5 Rc1 76. Kd7 1-0

[Event "Chigorin Memorial"]
[Site "St Petersburg RUS"]
[Date "2012.11.04"]
[Round "9.81"]
[White "Matveeva, Olga"]
[Black "Duzhakov, Ilya"]
[Result "0-1"]
[WhiteTitle "WFM"]
[BlackTitle "FM"]
[WhiteElo "2219"]
[BlackElo "2330"]
[WhiteFideId "24107018"]
[BlackFideId "4192516"]
[EventDate "2012.10.27"]

1. d4 Nf6 2. c4 g6 3. Nc3 d5 4. cxd5 Nxd5 5. Bd2 Bg7 6. e4 Nb6 7. Be3 O-O 8. Nf3
Bg4 9. Be2 N8d7 10. Rc1 e5 11. Nxe5 Bxe2 12. Qxe2 Nxe5 13. dxe5 Bxe5 14. O-O c6
15. f4 Bd4 16. Rcd1 Bxe3+ 17. Qxe3 Qe7 18. f5 f6 19. Qh6 Qg7 20. Qf4 Rae8 21.
fxg6 hxg6 22. Rd6 Nd7 23. b4 a6 24. a4 Qe7 25. b5 axb5 26. axb5 Ne5 27. Rfd1 Rd8
28. Rxd8 Rxd8 29. Rxd8+ Qxd8 30. Qg3 Qd4+ 31. Kh1 Nd3 32. Qxg6+ Kf8 33. Qh6+ Ke7
34. Qg7+ Kd8 35. Qg8+ Kc7 36. b6+ Kxb6 37. Qb3+ Kc5 38. h3 b5 39. Qc2 Kb6 40.
Kh2 b4 41. Ne2 Qxe4 42. Ng3 Qd5 43. Qa4 Kb7 44. Qa1 b3 45. Qxf6 b2 46. Qe7+ Ka6
47. Qa3+ Kb5 48. Qa7 Kb4 49. Qg1 c5 50. h4 Qd4 0-1

[Event "Chigorin Memorial"]
[Site "St Petersburg RUS"]
[Date "2012.11.04"]
[Round "9.82"]
[White "Syrchikov, Alexander"]
[Black "Mikhailov, Viacheslav"]
[Result "1/2-1/2"]
[WhiteTitle "FM"]
[BlackTitle "FM"]
[WhiteElo "2208"]
[BlackElo "2326"]
[WhiteFideId "4133358"]
[BlackFideId "4187369"]
[EventDate "2012.10.27"]

1. d4 Nf6 2. Nf3 e6 3. Bg5 b6 4. e3 Bb7 5. Bd3 Be7 6. Nbd2 h6 7. Bxf6 Bxf6 8. e4
d6 9. O-O Nd7 10. Qe2 e5 11. c3 O-O 12. Ba6 Qc8 13. Bxb7 Qxb7 14. dxe5 dxe5 15.
b4 Rfe8 16. Rfd1 Nf8 17. Nc4 Ng6 18. g3 Rad8 19. Rd2 Rxd2 20. Nfxd2 Rd8 21. Kg2
Qc6 22. Rc1 Bg5 23. Rc2 Qe6 24. Ne3 Bxe3 25. Qxe3 Qg4 26. f3 Qd7 27. Nc4 Qe6 28.
Qe2 h5 29. h4 Nf8 30. Ne3 Qd7 31. Nf1 Qd1 32. Qxd1 Rxd1 33. Ne3 Ra1 34. Nd5 Ne6
35. Ne7+ Kf8 36. Nc6 f6 37. Nxa7 Ke7 38. Nb5 c6 39. Na3 b5 40. Rb2 g5 41. c4
bxc4 42. Nxc4 gxh4 43. gxh4 Nf4+ 44. Kh2 Nd3 45. Rd2 Nxb4 46. a3 Na6 47. Rg2 Rc1
48. Rg7+ Kf8 49. Ra7 Rxc4 50. Rxa6 Ke7 51. Ra7+ Kd6 52. Rf7 Ke6 53. Rc7 f5 54.
exf5+ Kxf5 55. Kg3 Rc3 56. Kf2 Ke6 57. Rh7 Rxa3 58. Rxh5 c5 59. f4 exf4 60. Rxc5 1/2-1/2